000 00870nab a2200265 u 4500
001 07750
003 HDC
007 cr bn ---aaaaa
008 210127c mydr|nes 0 a may d
040 _aHDC
100 _aDr. Zulkarnain Zakaria
_eauthor
_98276
245 0 _aCabaran baru ekonomi bumiputera/
_cby Dr. Zulkarnain Zakaria
260 _aKuala Lumpur :
_bUTUSAN MALAYSIA,
_c2016
300 _a10 page
336 _atext
_2rdacontent
337 _acomputer
_2rdamedia
338 _aonline resource
_2rdacarrier
650 _aBusiness industry
_96119
650 _aEconomy
_91877
650 _aEntrepreneur bumiputer
_98275
856 _zRequest full-text at [email protected]
942 _2lcc
942 _cNEWS
942 _kNWSC 001203
999 _c5073
_d5073